Nördlichste Städte Deutschlands - Statistiken

Allgemein
  • Dieses Quiz wurde 162 mal gespielt
    123 seit der letzten Aktualisierung
  • Das Durchschnittsergebnis liegt bei 6 aus 20
Antwortstatistiken
Einwohner Kreis Breitengrad Stadt % Korrekt
246.794 kreisfrei 54° 19' N Kiel
98%
90.164 kreisfrei 54° 47' N Flensburg
94%
23.189 Nordfriesland 54° 29' N Husum
59%
25.416 Schleswig-Flensburg 54° 31' N Schleswig
56%
21.728 Rendsburg-Eckernförde 54° 28' N Eckernförde
41%
6.114 Schleswig-Flensburg 54° 50' N Glücksburg (Ostsee)
34%
9.992 Nordfriesland 54° 47' N Niebüll
33%
8.567 Schleswig-Flensburg 54° 40' N Kappeln
22%
13.478 Vorpommern-Rügen 54° 25' N Bergen auf Rügen
18%
281 Schleswig-Flensburg 54° 38' N Arnis
15%
12.638 Ostholstein 54° 29' N Fehmarn
15%
9.186 Vorpommern-Rügen 54° 31' N Sassnitz
15%
4.222 Nordfriesland 54° 42' N Wyk auf Föhr
15%
5.543 Nordfriesland 54° 37' N Bredstedt
13%
8.593 Vorpommern-Rügen 54° 22' N Barth
7%
2.653 Nordfriesland 54° 23' N Friedrichstadt
7%
9.122 Ostholstein 54° 22' N Heiligenhafen
7%
4.435 Vorpommern-Rügen 54° 21' N Putbus
2%
10.466 Rendsburg-Eckernförde 54° 19' N Büdelsdorf
1%
2.818 Nordfriesland 54° 19' N Garding
1%
Keine übereinstimmenden Quizze gefunden
Verteilung der Resultate
Anzahl Personen mit jedem Resultat
Perzentil nach korrekt beantworteten Fragen
Ihre Resultats-Entwicklung
Sie haben dieses Quiz seit der letzten Aktualisierung nicht gespielt